<?xml version="1.0" encoding="UTF-8"?>
<collection xmlns="http://www.loc.gov/MARC21/slim">
 <record>
  <leader>00725pamaa2200217   4500</leader>
  <controlfield tag="001">0000043826</controlfield>
  <controlfield tag="005">20080702090000.0</controlfield>
  <controlfield tag="008">080612 2007                        eng       </controlfield>
  <datafield tag="020" ind1="0" ind2="0">
   <subfield code="a">139780323048576 / 0323048579 </subfield>
  </datafield>
  <datafield tag="090" ind1="0" ind2="0">
   <subfield code="a">RC685.A65 </subfield>
   <subfield code="b">HUS 2007</subfield>
  </datafield>
  <datafield tag="100" ind1="1" ind2="0">
   <subfield code="a">Huszar </subfield>
  </datafield>
  <datafield tag="245" ind1="1" ind2="0">
   <subfield code="a">Pocket guide to basic dysrhythmias : </subfield>
   <subfield code="b">Interpretation &amp; management  </subfield>
   <subfield code="c">Robert J. Huszar.</subfield>
  </datafield>
  <datafield tag="250" ind1="0" ind2="0">
   <subfield code="a">3rd ed / </subfield>
   <subfield code="c">rev.</subfield>
  </datafield>
  <datafield tag="260" ind1="0" ind2="0">
   <subfield code="a">St. Louis, Missouri: </subfield>
   <subfield code="b">MOSBY JEMS / Elsevier, </subfield>
   <subfield code="c">2007.</subfield>
  </datafield>
  <datafield tag="300" ind1=" " ind2=" ">
   <subfield code="a">ix, 174 p., [Appendix:131-164]: </subfield>
   <subfield code="b">ill. [122 p.]; </subfield>
   <subfield code="c">19cm.</subfield>
  </datafield>
  <datafield tag="500" ind1="0" ind2="0">
   <subfield code="a">Includes Acute MI Dx Rx</subfield>
  </datafield>
  <datafield tag="500" ind1="0" ind2="0">
   <subfield code="a">Includes index</subfield>
  </datafield>
  <datafield tag="650" ind1="0" ind2="0">
   <subfield code="a">Arrhythmia </subfield>
  </datafield>
  <datafield tag="650" ind1="0" ind2="0">
   <subfield code="a">Bradycardia </subfield>
  </datafield>
  <datafield tag="650" ind1="0" ind2="0">
   <subfield code="a">Tachycardia </subfield>
  </datafield>
  <datafield tag="901" ind1=" " ind2=" ">
   <subfield code="u">http://www.elsevierhealth.com</subfield>
  </datafield>
 </record>
</collection>
